00682nam a22002057a 450000500170000001000130001702000100003003500130004003700160005304000120006908200160008110000230009724501200012026000440024027000420028430000260032665000470035265000550039970000220045420170124110002.0 aA-895737 c00.00 aA-895737 bCen Lib/Ret aDPLbEN a362.25bRAO aRao, Sarveswara B. aAnti-arrack movement of women in Andhra pradesh and prohibition policy /cby B.Sarveswara Rao [and] G.Parthasarathy aNew DelhibHar-Anand Publicationsc1997 bNew Delhia364-A Chirag Delhie110017 a180p.c22cm(Hb)bill. aTemperance -- India -- Andhra Pradesh.  a Women in public life -- India -- Andhra Pradesh.  aParthasarathy, G.